000 00339nam a22001697a 4500
003 UA-OsUOA
001 41241
007 ta
008 20060919b un ||||| |||| 00| 0 ukr d
100 _aЛютий О.
090 _bЛ85
942 _cBK
040 _aUA-OsUOA
_cUA-OsUOA
_dUA-OsUOA
245 _a3114397
955 _a3
650 7 _2UDC
999 _c327377
_d327377